00946nam a2200265 i 4500001001000000003000900010005001700019007000300036008004100039040003000080041000800110082003000118100003400148245009500182264008500277300004500362336002700407337003300434338002800467490002700495650002500522650003300547700004900580710005100629000013307DO-SdBNP20260303133932.0ta091123s1987 dr a er 001 h spa d aDO-SdBNPbspacBNPHUerda hspa 4aRD867.44bC744v, 19872221 aConcha, Leonel, eautor4aut.13aLa vida en broma :b(quinto libro) /cLeonel Concha ; prólogo, Roberto Marcallé Abreu. 4aSanto Domingo :bBiblioteca Nacional Pedro Henríquez Ureña (BNPHU), c1987?. a200 páginas :bilustraciones ;c22 cm. atextobtxt2rdacontent asin mediaciónbn2rdamedia avolumenbnc2rdacarrier0 aColección Orfeo ;v5 0aHumorismo dominicano 7aLiteratura dominicana.2LEMB1 aMarcallé Abreu, Roberto,eprologuista4pr.2 aBiblioteca Nacional Pedro Henríquez Ureña